000 01121cam a22003017a 4500
999 _c329372
_d329372
001 16832653
003 Nust
005 20170504105259.0
008 110617s2011 fluad b 001 0 eng
010 _a 2011282340
015 _aGBB0A8127
_2bnb
016 7 _a015644741
_2Uk
020 _a9781439834725 (hbk.)
020 _a1439834725 (hbk.)
035 _a(OCoLC)ocn462925808
040 _aUKM
_cUKM
_dBTCTA
_dYDXCP
_dBWX
_dMIA
_dAGL
_dCDX
_dDLC
042 _alccopycat
050 0 0 _aGE45.M38
_bW35 2011
082 0 4 _a510 WAL
_222
100 1 _aWalter, Martin E.
_q(Martin Edward)
245 1 0 _aMathematics for the environment /
_cMartin Walter.
260 _aBoca Raton, FL ;
_aLondon :
_bChapman & Hall/CRC Press,
_cc2011.
300 _axxvi, 653 p. :
_bill., charts ;
_c25 cm.
500 _aH.B
504 _aIncludes bibliographical references (p. 593-640) and index.
650 0 _aEnvironmental sciences
_xMathematics.
650 0 _aMathematics.
906 _a7
_bcbc
_ccopycat
_d2
_encip
_f20
_gy-gencatlg
942 _2ddc
_cBK
_k510 WAL